Вып. 4 (26); Вопросы атомной науки и техники. Серия : Физика и техника ядерных реакторов

Dades bibliogràfiques
Parent link:Вопросы атомной науки и техники. Серия : Физика и техника ядерных реакторов: научно-технический сборник/ СССР, Государственный комитет по использованию атомной энергии (ГКИАЭ). Вып. 4 (26).— , 1978-1988.— 0205-4671
Idioma:rus
Publicat: 1982
Format: MixedMaterials Llibre
KOHA link:https://koha.lib.tpu.ru/cgi-bin/koha/opac-detail.pl?biblionumber=518382

MARC

LEADER 00000nam2a2200000 4500
001 518382
005 20231101105853.0
035 |a (RuTPU)RU\TPU\prd\197057 
035 |a RU\TPU\prd\197055 
090 |a 518382 
100 |a 20131017c1982 k y0rusy50 ca 
101 0 |a rus 
102 |a RU 
200 0 |a Вып. 4 (26) 
210 |d 1982 
461 1 |0 (RuTPU)RU\TPU\prd\635  |x 0205-4671  |t Вопросы атомной науки и техники. Серия : Физика и техника ядерных реакторов  |o научно-технический сборник  |f СССР, Государственный комитет по использованию атомной энергии (ГКИАЭ)  |v Вып. 4 (26)  |d 1978-1988 
801 0 |a RU  |b 63413507  |c 20010227  |g PSBO 
801 1 |a RU  |b 63413507  |c 20121206 
801 2 |a RU  |b 63413507  |c 20190401  |g RCR 
942 |c BK 
999 |a НТБ_ТПУ  |b НФ  |e -4/20120110  |p П-5906-17  |u 0,00  |v 1